000 00362 a2200145 4500
001 153694
040 _cEscola São Tomás de Aquino
100 _aRIBEIRO, Jonas
240 1 0 _aQuer conhecer meus dinossauros ?
_lpor
245 1 0 _aQuer conhecer meus dinossauros ?
362 0 _a2011
440 1 _aFranco
697 _a*LITERATURA INFANTO JUVENIL
942 _cBK
999 _c153694
_d153694